Sports Quiz

Random Sports or Baseball Quiz

MLB Most Games Played Against Each Team Quiz Stats

 Plays Quiz not verified by Sporcle

Challenge
Share
Tweet
Embed
Score 0/30 Timer 05:00
0 Plays Today
Franchise Player % Correct
Seattle Mariners (AL 1977- )Cal Ripken
80.8%
Toronto Blue Jays (AL 1977- )Cal Ripken
80.8%
Houston Astros (NL 1962- )Pete Rose
74.4%
New York Mets (NL 1962- )Pete Rose
74.4%
Tampa Bay Rays (AL 1998- )Derek Jeter
74.4%
Atlanta Braves (NL 1919- )Stan Musial
66.7%
Chicago Cubs (NL 1919- )Stan Musial
66.7%
Cincinnati Reds (NL 1919- )Stan Musial
66.7%
Los Angeles Dodgers (NL 1919- )Stan Musial
66.7%
Philadelphia Phillies (NL 1919- )Stan Musial
66.7%
Pittsburgh Pirates (NL 1919- )Stan Musial
66.7%
San Francisco Giants (NL 1919- )Stan Musial
66.7%
Cleveland Indians (AL 1919- )Carl Yastrzemski
65.4%
Detroit Tigers (AL 1919- )Carl Yastrzemski
65.4%
Los Angeles Angels (AL 1961- )Carl Yastrzemski
65.4%
Franchise Player % Correct
San Diego Padres (NL 1969- )Barry Bonds
65.4%
Texas Rangers (AL 1961- )Carl Yastrzemski
65.4%
Florida Marlins (NL 1993- )Chipper Jones
62.8%
Arizona Diamondbacks (NL 1998- )Todd Helton
51.3%
Washington Nationals (NL 1969- )Mike Schmidt
48.7%
Kansas City Royals (AL 1969- )Reggie Jackson
41.7%
Milwaukee Brewers (AL/NL 1969- )Reggie Jackson
41.7%
Baltimore Orioles (AL 1919- )Al Kaline
39.1%
Boston Red Sox (AL 1919- )Al Kaline
39.1%
Colorado Rockies (NL 1993- )Luis Gonzalez
32.1%
St. Louis Cardinals (NL 1919- )Mel Ott
30.1%
Minnesota Twins (AL 1919- )Luke Appling
19.9%
New York Yankees (AL 1919- )Luke Appling
19.9%
Oakland Athletics (AL 1919- )Luke Appling
19.9%
Chicago White Sox (AL 1919- )Mickey Vernon
2.6%

You're not logged in!

Compare scores with friends on all Sporcle quizzes.
OR
Log In

You Might Also Like...

Show Comments

Extras

Top Quizzes Today


Score Distribution

Your Account Isn't Verified!

In order to create a playlist on Sporcle, you need to verify the email address you used during registration. Go to your Sporcle Settings to finish the process.

Report this User

Report this user for behavior that violates our Community Guidelines.

Details: